Sports Quiz

Random Sports Quiz

Pro Cycling 2010 Quiz Stats

 Plays Quiz not verified by Sporcle

Challenge
Share
Tweet
Embed
Score 0/25 Timer 06:00
0 Plays Today
Clue % Correct
Rabobank likes which colour?Orange
90.3%
Andy has a brother named?Frank
87.4%
What team does Lance ride for?Radioshack
85.1%
Who is world champion?Cadel Evans
81.7%
Who won RVV and P-R this year?Fabian Cancellara
77.9%
Jonathan Vaughters is the DS for what team?Garmin-Transitions
70.9%
France-Italy-Spain = Yellow-Pink-_____?Gold
70.7%
The Tour of Romandie is in which country?Switzerland
67.2%
Footon-_________Servetto
65.7%
How many riders on one team typically start a race?Eight
59.4%
Who won MSR?Oscar Freire
51.6%
Which Australian rides for a Russian team?Robbie McEwen
50.9%
Le Tour will start in which city this year?Rotterdam
50.1%
Clue % Correct
The three USA teams: Radioshack, Garmin, and ___-_______?HTC-Columbia
44.8%
Which team has a Canadian sponsor?Cervelo Test Team
35%
Who won Omloop Het Nieuwsblad?Juan Antonio Flecha
33.3%
Di2 is made by?Shimano
33%
Vino won what race this year?Liege Bastonge Liege
28.2%
What bike does Milram ride?Focus
28.2%
Pozzato wore black at which race?Paris-Roubaix
25.5%
Cervelo had which two riders in the top 4 at P-R? (last names)Hushovd Hammond
25.1%
Who won 3 days of De Panne?David Millar
21.3%
Contador recruited who to show him how to ride cobbles?Peter Van Petegem
18.3%
Colnago provides bikes for?BBox-Bouyoges Telecom
15.2%
The new Keo pedal is called the?Blade
10.7%

You're not logged in!

Compare scores with friends on all Sporcle quizzes.
OR
Log In

You Might Also Like...

Show Comments

Extras

Created Apr 28, 2010ReportNominate
Tags:2010, cycling, pro

Top Quizzes Today


Score Distribution

Your Account Isn't Verified!

In order to create a playlist on Sporcle, you need to verify the email address you used during registration. Go to your Sporcle Settings to finish the process.

Report this User

Report this user for behavior that violates our Community Guidelines.

Details: